Statistics for All MCC winners

Click here to take the quiz!

General Stats

  • This quiz has been taken 44 times
  • The average score is 21 of 35

Answer Stats

Times wonPlayer% Correct
2Dream
97%
1TommyInnit
97%
2Technoblade
92%
2Ph1lza
89%
3PeteZahHutt
81%
2Smajor
81%
2GeorgeNotFound
78%
1Sapnap
78%
2WilburSoot
78%
3HBomb94
75%
2Fruitberries
67%
1KarlJacobs
64%
2Quig
64%
2FalseSymmetry
61%
1Fundy
58%
1Renthedog
58%
2Shubble
58%
1Captain Puffy
56%
1Illumina
56%
2King Burren
56%
1TapL
56%
1KaraCorvus
53%
2MichaelMcChill
53%
1Krtzyy
50%
2The_Eret
50%
1Krinios
47%
1Punz
44%
1fWhip
39%
1Seapeekay
39%
1Vikkstar123
39%
1Cubfan135
36%
1Smallishbeans
36%
1MiniMuka
33%
1RyguyRocky
33%
1Bitzel
28%

Score Distribution

Percentile by Number Answered

Percent of People with Each Score

Your Score History

You have not taken this quiz